| 000 | 00801nam a2200217 i 4500 | ||
|---|---|---|---|
| 001 | bg | ||
| 245 | 0 | 0 |
_aHistoria literatury amerykańskiej XX wieku. _nT. 1 / _cred. Agnieszka Salska |
| 260 |
_aKraków : _bTowarzystwo Autorów i Wydawców Prac Naukowych "Universitas", _ccop. 2003. |
||
| 300 |
_a667 s., [16] s. tabl. : _bfaks., fot., portr. ; _c24 cm. |
||
| 504 | _aBibliogr. s. 635-667. | ||
| 650 | 9 |
_aLiteratura amerykańska _xhistoria _y19-20 w. |
|
| 700 | 1 |
_aSALSKA, Agnieszka. _eRed. |
|
| 020 | _a8324202978 | ||
| 040 | _cBPK | ||
| 041 | 0 | _apol | |
| 080 | _a821.111(73)(091)"18/19" | ||
| 920 | _a83-242-0297-8 | ||
| 942 | _cKS | ||
| 008 | s pl f |000 0 pol | ||
| 999 |
_c43797 _d43797 |
||
| 856 |
_uhttp://koha.tu.koszalin.pl/cgi-bin/koha/opac-detail.pl?biblionumber=43797 _yKatalog online BPK |
||